00561aas a2200169 4500001001000000003001000010005001700020008004100037022001400078040004100092041000800133245005300141300004500194520007700239650001300316773006200329768714001CO-MdFUSB20171025122729.0171025s2010 ck ||||| |||| 00| 0 spa d a2145-8197 aCO-MdFUSBbspacCO-MdFUSBdCO-MdFUSB aspa 0aGarcía Márquez se gana un Nobelc/ El Tiempo aNúmero 8 (2010), página 14c: 28 cm.1 aLa academia reconoce la maestría de obras como Cien años de soledad.14aHISTORIA0 tdk100049432gNúmero 8 (2010), página 14qPágina 14